[Event "WchT 4th"]
[Site "Luzern"]
[Date "1997.10.29"]
[Round "5.4"]
[White "Nunn, John DM"]
[Black "Khurtsidze, Nino"]
[Result "1/2-1/2"]
[WhiteElo "2620"]
[BlackElo "2415"]
[Annotator "Ribli,Z"]
[PlyCount "103"]
[EventDate "1997.10.25"]
[EventType "team-tourn"]
[EventRounds "9"]
[EventCountry "SUI"]
[SourceTitle "CBM 062"]
[Source "ChessBase"]
[SourceDate "1998.01.31"]
[SourceVersion "1"]
[SourceVersionDate "1998.01.31"]
[SourceQuality "1"]
[WhiteTeam "England"]
[BlackTeam "Georgia (w)"]
[WhiteTeamCountry "ENG"]
[BlackTeamCountry "GEO"]

1. e4 c5 2. Nf3 e6 3. d4 cxd4 4. Nxd4 a6 5. Bd3 Nc6 {Diese Variante war in den
70er Jahren populär. Heutzutage wird häufig 5...Qc7 oder 5...Bc5 gespielt.
Ribli.} 6. Nxc6 dxc6 {Jetzt haben wir eine symmetrische Bauernstruktur. Weiß
hat Entwicklungsvorsprung und das Feld b6 ist eine positionelle Schwäche in
einigen Varianten. Ich bemerke aber auch, daß der Läufer nicht so gut auf d3
steht.} 7. Nd2 {Das ist die richtige Zugfolge. Weiß rochiert noch nicht, denn
in einigen Varianten ist 0-0-0 angezeigt.} e5 8. Qh5 Bd6 9. Nc4 {Schwarz hat
Probleme mit seinem e5-Bauern. Er kann nicht den Bauern und das Läuferpaar
behaupten.} Nf6 (9... Bc7 10. Bg5 Nf6 11. Qe2 h6 12. Bh4 Qe7 13. O-O-O) 10.
Nxd6+ (10. Qe2 Bc7 $5) 10... Qxd6 11. Qe2 (11. Qh4 Nd7 12. O-O Nc5 13. Be3 Nxd3
14. Rfd1 Qe7 15. Qxe7+ Kxe7 16. Rxd3 f6 17. Rb3 Rd8 18. Kf1 Rb8 19. Ba7 Ra8 20.
Bb6 Rd2 {Van der Wiel,J-Miezis,N/Donner mem op 1996/1/2-1/2 (57)}) 11... O-O (
11... Be6 12. O-O O-O {Das führt zur Partiefortsetzung.} (12... Nd7 13. Rd1 Qe7
14. b3 $14 {[%cal Gc1a3,Gb4e7] Weiß verfolgt den klaren Plan, 15.a4 und 16.Ba3
zu ziehen.})) 12. O-O Be6 (12... Bg4 13. Qe3 Rfe8 14. a4 Rad8 15. f3 Bc8 16.
Bd2 Nh5 17. g3 h6 18. Qf2 Qg6 19. Kh1 Nf6 20. Bc3 h5 21. h4 c5 22. Kh2 Nd7 23.
Rfd1 b6 24. Bc4 {Mordue,A-Jackson,O/BCF-ch Eastbourne 1991/1-0 (50)}) (12...
Re8 13. a4 Be6 14. b3 c5 15. Bb2 Rac8 16. Kh1 Qc6 17. f4 c4 18. bxc4 Nd7 19.
fxe5 {Mannion,S-Galego,L/Erevan olm 1996/0-1 (80)}) 13. b3 {Ein typischer Plan
in dieser Variante. Weiß bereitet a4 nebst 15.Ba3 vor.} (13. a4 c5 (13... b5
14. b3 Nd7 15. Bb2 Rfd8 16. Rfd1 Qc5 17. Qe1 Qb6 18. Bc3 Rdc8 19. Bf1 c5 20.
axb5 axb5 21. Rxa8 Rxa8 22. Ra1 Rc8 23. g3 h6 {0-1 Al Modiahki,M-Miezis,N/Biel
op 1995 (37)}) 14. Bg5 Rac8 15. Bxf6 c4 16. Rfd1 cxd3 17. Rxd3 Bc4 18. Rxd6
Bxe2 19. Rd2 Bh5 20. Bg5 Bg6 21. f3 f5 22. exf5 Bxf5 23. c3 e4 {1/2-1/2
Kindermann,S-Miezis,N/Wichern-op 1995 (41)}) (13. Be3 c5 14. f3 Rac8 15. c3
Rfd8 16. Rfd1 c4 17. Bc2 Qc7 18. Qf2 Rxd1+ 19. Rxd1 Rd8 20. Rxd8+ Qxd8 21. Qd2
Qxd2 22. Bxd2 Nd7 {1/2-1/2 Lutz,C-Votava,J/open 1997 (40)}) 13... b5 $5 14. a4
Rfd8 {[#]} 15. Bg5 $6 {Dieser Zug gefällt mir nicht. Nach dem Partiezug
erreicht Weiß - nach Komplikationen - ein teoretisch etwas vorteilhaftes
Endspiel, das aber bei gutem Spiel remis enden sollte.} (15. Ba3 b4 16. Bb2
Bxb3 17. Rfd1 Be6 18. Bxa6 Qc5 19. Rxd8+ Rxd8 20. Bd3 Ra8 21. Qe1 h6 {Guid,
M-Rusjan,M/SLO-chJM U20 1996/EXT 97/1/2-1/2 (58)}) (15. Rd1 $5 Bg4 $6 16. f3
Qd4+ $2 17. Be3 $18) 15... Bxb3 $1 $11 {Eine für Weiß unerwartete Kombination.}
16. axb5 (16. Rad1 Bxa4 17. Bxb5 Bxb5 18. c4 Bxc4 $19) (16. Rfd1 Bxa4) 16...
cxb5 (16... axb5 $2 17. Rxa8 Rxa8 18. cxb3 $18) 17. Bxf6 (17. Rfd1 Be6 18. Bxb5
Qxd1+ 19. Rxd1 Rxd1+ 20. Qxd1 axb5 $11 {Wenn Weiß jetzt 21.Bxf6 spielt, haben
wir die Partiestellung. Die Anwesenheit des weißen Läufers und schwarzen
Springers ändert nichts an der Stellungsbewertung.}) 17... gxf6 18. Rad1 Be6
19. Bxb5 {Alles ist forciert, sonst hat Weiß für nichts einen Bauern weniger.}
Qxd1 $1 (19... Qb6 20. Rxd8+ Rxd8 21. Bxa6 $14 {Weiß hat technische Probleme
mit der Verwertung seines Materialvorteils, steht aber unfraglich besser.}) 20.
Rxd1 Rxd1+ 21. Qxd1 axb5 {Theoretisch steht Weiß besser, nachdem die Dame
stärker als Turm und Läufer ist. Aber in unserer Stellung kann Weiß diesen
Vorteil nicht verwerten, denn der schwarze Läufer deckt zuverlässig den Pb5,
während Turm und König die weiße Dame neutralisieren.} 22. g4 (22. g3 {Mit
möglichem 23.f2-f4 und besseren Aussichten als der Textzug.}) 22... h6 23. Kg2
Kg7 24. Kg3 Ra4 25. f3 Ra8 26. Qd2 Re8 {Das ist ein guter Plan. Der Läufer
zielt nach c4 und der Turm hält die 6. Reihe. Die weiße Dame kann allein
nichts anrichten und auch der weiße König kann nirgens eindringen.} 27. h4 {
Das ist die einzige Möglichkeit für den Vorstoß.} Bc4 28. Qd7 Re6 29. Kf2 {
[%cal Gf2e3,Ge3d2,Gd2c3,Gc3b4,Gb4c5] Der König zielt zum Damenflügel, aber auf
c5 ist Endstation.} Ra6 30. Qe7 Re6 31. Qd8 Ba2 32. Ke3 Bc4 {Am einfachsten.
Mit den Läuferzügen hält Schwarz das Gleichgewicht.} 33. Kd2 Ba2 34. Kc3 Bc4
35. Qd2 {Weiß schränkt die Zugmöglichkeiten des Läufers ein.} (35. Kb4 $6 Be2 {
[%csl Re4,Rf3,Rg4]}) 35... Ba2 36. Kb4 Bc4 37. Qf2 Ra6 38. Qg3 {Weiß hat die
ideale Figurenaufstellung erreicht, aber das ist alles.} Re6 39. Kc5 Kg6 {
Über die 5. Reihe kommt Weiß nicht hinaus. Ich kann nicht sehen, wie er
weiterkommen soll.} 40. Qg2 Kg7 41. Qd2 Kg6 42. Qg2 Kg7 43. g5 {Endlich zieht
Weiß diesen einzigen Durchbruch.} fxg5 44. hxg5 hxg5 45. Qxg5+ Kf8 46. Qg2 {
Die Stellung ist offenbar remis, aber der englische Großmeister macht noch ein
paar Züge.} Rg6 47. Qh2 Re6 48. Qh8+ Ke7 49. Qg8 {Das ist ein typischer
Raumgewinnzug, aber hier bringt das nichts.} (49. Qg7 Ke8 $11) 49... Rg6 50.
Qb8 Re6 (50... f6 $2 {Es wäre nicht logisch, den Turm abzusperren.} 51. Qd6+
Ke8 (51... Kf7 52. Qd7+ Kf8 53. Kd6 $16) 52. Kc6 $16 {[%csl Rg6]}) 51. Qh8 Bf1
52. Qh1 {Und endlich wurde Remis vereinbart. Weiß kann seine Stellung nicht
mehr verstärken. Ribli.} 1/2-1/2

[Event "Rovno"]
[Site "Rovno"]
[Date "2000.??.??"]
[Round "11"]
[White "Varitski, Igor"]
[Black "Lastin, Alexander"]
[Result "0-1"]
[WhiteElo "2359"]
[BlackElo "2510"]
[Annotator "Ribli,Z"]
[PlyCount "60"]
[EventDate "2000.01.20"]
[EventType "tourn"]
[EventRounds "15"]
[EventCountry "UKR"]
[EventCategory "8"]
[SourceTitle "CBM 076"]
[Source "ChessBase"]
[SourceDate "2000.05.31"]
[SourceVersion "1"]
[SourceVersionDate "2000.05.31"]
[SourceQuality "1"]

1. e4 c5 2. Nf3 e6 3. d4 cxd4 4. Nxd4 a6 5. Bd3 {Heutzutage genießt diese
Fortsetzung wieder Popularität. Die Hauptalternative ist 5.Nc3, aber auch 5.c4
ist spielbar.} Nf6 6. O-O Qc7 7. Qe2 {Das ist die Hauptfortsetzung - Schwarz
muss jetzt 7...d6 spielen.} d6 8. f4 (8. c4 g6 {Nach c2-c4 ist diese
Fortsetzung logischer, denn der Bg7 kontrolliert die große Diagonale und das
Feld d4.} 9. Nc3 Bg7 10. Rd1 O-O 11. h3) 8... Nbd7 9. Kh1 Be7 10. Nd2 {Diese
Entwicklung des Springers scheint ein wenig sonderbar, aber Weiß möchte nach
Ndf3 den Bauernvorstoß e4-e5 spielen.} (10. Nc3 b5 11. a4 $13 (11. e5 $6 dxe5
12. fxe5 Qxe5 13. Qf3 Bd6 14. g3 Rb8 (14... O-O 15. Qxa8 Qxd4 $44) 15. Nc6 Bb7
16. Ne4 Bxc6 17. Nxf6+ Qxf6 18. Qxc6 Qd4 $13)) 10... b5 (10... O-O 11. N2f3 Nc5
12. Bd2 (12. e5 Nxd3 13. cxd3 dxe5 14. fxe5 Nd5 15. Bg5 Bxg5 16. Nxg5 h6 17.
Ngf3 Bd7 18. Rac1 Qb6 19. Qf2 Rad8 20. a3 {1/2-1/2 Wagner,A-Spassov,L/Munich
1992/TD (48)}) (12. b4 Nxd3 13. cxd3 e5 14. Nb3 Be6 15. Bd2 Bxb3 16. axb3 exf4
17. Nd4 Nd7 18. Nf5 Ne5 {1/2-1/2 Koelle,A-Gerstner,W/Germany 1992/GER-chT (25)}
) 12... b5 (12... b6 13. Nb3 Nxd3 14. cxd3 Bb7 15. Bc3 Rac8 16. Qf2 Nd7 17. Qg3
Bf6 18. Nbd4 Qc5 19. Rae1 Rcd8 {1/2-1/2 Herbrechtsmeier,C-Arnold,L/Germany
1990/GER-chT2 (19)}) 13. b4 Nxd3 14. cxd3 Bb7 15. f5 e5 16. Rac1 Qd7 17. Nb3
Rac8 18. g4 {1-0 Kovalev,A-Jakobsen,L/Aalborg 1995/CBM 49 ext (57)}) (10... b6
11. N2f3 Bb7 12. e5 Ng4 13. Nxe6 fxe6 14. Nd4 dxe5 15. Nxe6 Qc6 16. Qxg4 Nf6
17. Qh3 e4 18. Be2 {1-0 Kindermann,S-Miolo,E/Luzern 1982/EXT 97-B (33)}) 11.
N2f3 (11. a4 $5 bxa4 (11... b4 12. N2f3 (12. Nc4)) 12. Rxa4 Nc5 $13) 11... Bb7
(11... g6 $5 12. e5 Nh5 13. c4 bxc4 14. Bxc4 $36) 12. e5 dxe5 {Dieser
natürliche Zug scheint aus prinzipiellen Gründen unlogisch - warum öffnet
Schwarz die f-Linie? Auf der anderen Seite legt dieser Zug die Bauernstellung
fest, und der scheinbar gefährliche weiße Pe5 wird in vielen Varianten - wie
in der Partie - schwach.} (12... Nd5 $5 {Anschließend kann Schwarz - wenn er
möchte - dxe5 spielen. 13.exd6 scheint mir in dieser Stellung nicht gefährlich.
} 13. exd6 Bxd6 14. Nf5 Bf8 $11 {Schwarz hat die Herrschaft über das Feld d5
und kann mit 15...g6, 16...Bg7 die Entwicklung beenden.}) 13. fxe5 Nd5 14. Bd2
$6 {Diese Fortsetzung ist harmlos - wenn Weiß schon 12.e5 spielt, muss er
aktiver spielen! Nach dem Textzug bekommt Schwarz angenehmes Spiel. Die
Alternative - der Angriffszug 14.Bg5 - scheint mir viel konsequenter.} (14. Bg5
Nc5 15. Bxb5+ $5 axb5 16. Nxb5 Qb6 17. c4 Nc7 18. Bxe7 Kxe7 19. Nd6 $40 {
[%csl Gd6]} f5 20. exf6+ gxf6 21. Rad1 Ne8 22. Nxb7 Nxb7 23. b4 $1 Nd8 (23...
Qxb4 $2 24. Rb1 $18) 24. Ne5 $1 {1-0 Korneev,O-Annakov,B/Moscow 1995/CBM 50
ext/[Chekhov] (33)}) 14... Nc5 $13 {[%csl Gc5,Gd5][%cal Gb7h1]} 15. c3 {
Dieser Zug ist passiv. Weiß möchte 16.Bc2 spielen, aber dafür bleibt ihm keine
Zeit.} (15. c4 $5 bxc4 (15... Nxd3 $2 16. cxd5 $18) 16. Bxc4 O-O $13) 15...
Nxd3 16. Qxd3 O-O {Die schwarze Stellung ist bequem - er hat das Läuferpaar,
sein Nd5 steht gut und er kontrolliert das Feld c4. Zudem ist der Pe5 schwach,
und die weißen Angriffschancen haben sich in Luft aufgelöst.} 17. Rae1 Qc4 $15
(17... h6 $2 {Auf diese Weise könnte Schwarz versuchen, sich gegen den Zug 18.
Bg5 verteidigen. In Wirklichkeit aber schwächte dieser Zug vornehmlich die
eigene Königsstellung.} 18. Bxh6 gxh6 19. Nxe6 $40) 18. Qb1 (18. Qxc4 bxc4 19.
Bg5 Bc5 $15 {[%cal Ga8b8,Gb8b2]}) 18... Rab8 {[%cal Gb8b1] Schwarz möchte
anschließend b5-b4 spielen.} 19. Bg5 h6 (19... Bxg5 $6 20. Nxg5 g6 21. Ne4 $14)
20. Nd2 (20. Bxe7 Nxe7 $15 {[%cal Ge7g6,Gg6e5,Gb7h1] Der Pe5 ist eine
potentielle Schwäche im Endspiel. Jetzt steht der Bb7 aktiv und der Ne7 kann
nach g6 ziehen, von wo aus er den Pe5 attackiert.}) 20... Qc7 21. Bxe7 Nxe7 {
Schwarz muss den Läufer mit dem Springer nehmen und die Diagonale des Bb7
öffnen.} (21... Qxe7 22. Ne4 $132) 22. Ne4 Bxe4 $1 {[%mdl 32] Das ist ein
guter Tausch für Schwarz - anschließend kann er gegen den Pe5 und mit b5-b4 am
Damenflügel spielen.} 23. Rxe4 Ng6 {[%csl Re5] Der Ng6 steht gut - er
verteidigt den Königsflügel und nimmt den Pe5 ins Visier.} 24. Qe1 Rfd8 {
[%cal Gd8d5,Gd5e5]} 25. Qg3 (25. Nf3 {Damit verhindert Weiß 25...b4, aber
Schwarz gewinnt die Herrschaft über die d-Linie.} Rd5 $15) 25... b4 $2 {
[%mdl 8192] Strategisch gut, aber taktisch sehr schlecht.} (25... Qc4 $15) (
25... Rb6 $15) 26. h4 $2 (26. Nxe6 $1 $18 {Nach 26...fxe6 27.Qxg6 hat Weiß
nicht nur einen Bauern mehr, sondern auch eine starke Angriffsstellung.}) 26...
bxc3 27. bxc3 Rd5 $6 {[%csl Rc3,Re5] Schwarz setzt sein "positionelles" Spiel
fort und greift den schwachen Pe5 an.} (27... Qc4 $15) 28. Rg4 $2 {Unglaublich
- Weiß gibt seinen Pe5 für nichts .} (28. Nxe6 $5 fxe6 29. Qxg6 Rxe5 $11) 28...
Qxe5 $17 (28... Rxe5 $6 29. Nxe6 $132) 29. Qf3 Qh5 $4 (29... Rb7 $17) 30. g3 $2
{Warum spielen beide Spieler so schlecht - als einzige logische Erklärung
kommt Zeitnot in Frage..} (30. Qxf7+ Kh7 31. Nxe6 {[%csl Rg7][%cal Rf7g7]} Rg8
32. Rxg6 Qxg6 33. Qxg6+ Kxg6 34. Nf4+ $18 {[%cal Rf4g6,Rf4d5]}) 30... f5 $19 {
[%csl Rg4] Die Fehlerparade hat ein Ende - Weiß gab in verlorener Stellung auf.
} 0-1

[Event "FIDE-Wch k.o."]
[Site "Groningen"]
[Date "1997.12.17"]
[Round "4.1"]
[White "Almasi, Zoltan"]
[Black "Anand, Viswanathan"]
[Result "0-1"]
[WhiteElo "2615"]
[BlackElo "2765"]
[Annotator "Ribli,Z"]
[PlyCount "100"]
[EventDate "1997.12.09"]
[EventType "k.o."]
[EventRounds "7"]
[EventCountry "NED"]
[SourceTitle "CBM 063"]
[Source "ChessBase"]
[SourceDate "1998.03.26"]
[SourceVersion "1"]
[SourceVersionDate "1998.03.26"]
[SourceQuality "1"]

1. e4 c5 2. Nf3 e6 3. d4 cxd4 4. Nxd4 a6 5. Bd3 Nf6 6. O-O Qc7 7. Qe2 (7. c4
Nc6 8. Nxc6 dxc6 $13 {und der f8-Läufer ist nicht eingeschlossen. In einigen
Varianten zieht er nach c5. Ribli.}) 7... d6 8. c4 g6 {Heutzutage scheint
diese Läuferentwicklung besser als das traditionelle 8...Be7.} 9. Nc3 Bg7 10.
Rd1 O-O 11. Nf3 {Dieser Plan wurde von Ljubojevic eingeführt. Weiß zielt auf
den Bauern d6.} Nc6 12. h3 {Ein wichtiger prophylaktischer Zug.Weiß bereitet
13.Bf4 vor und nach l3...e5 l4.Be3 ist die Antwort 14...Bg4 vermieden.} (12.
Bf4 e5 13. Be3 Bg4 $11) 12... Nd7 {Ein interessantes Springermanöver. Schwarz
spielt (noch) nicht b7-b6, denn er hat andere Entwicklungsmöglichkeiten für
den Läufer.} 13. Be3 {Diese Stellung ist Almasi nicht unbekannt. Bis zur
dieser Partie hatte er eine gute Ausbeute mit Weiß. Weiß kontrolliert - wie
üblich in Igelstellungen - mehr Raum, muß aber vorsichtig sein, denn die etwas
passive schwarze Stellung verfügt über viele geheimnisvolle Möglichkeiten.} (
13. Bf4 Nde5 (13... Nce5 14. Rac1 b6 15. Nxe5 (15. b3 Bb7 16. Bb1 f5 17. Nd4
Rae8 18. Qd2 Nf7 19. Nde2 e5 20. Bh2 Bh6 $17 {-/+ Luther,T-Stefansson,H/
Altensteig 1992}) 15... dxe5 16. Be3 Bb7 17. b4 f5 18. f3 Rf7 19. c5 bxc5 20.
Na4 {1-0 Xie Jun-Movsesian,S/Hastings9697 1997 (34)}) 14. Rac1 Qe7 15. Kh1 Bd7
16. Bb1 Rac8 17. b3 h6 18. Nh2 g5 19. Be3 Nb8 20. Qd2 Rc6 21. Ne2 Be8 22. f4 {
1-0 Luther,T-Chuchelov,V/Dresden op 1992 (33)}) 13... Nde5 (13... b6 14. Rac1
Nc5 (14... Bb7 15. Bb1 Nce5 16. Nxe5 Nxe5 17. b3 Rfd8 (17... Rfe8 18. Qd2 Bf8
19. Na4 Nd7 20. Nxb6 Nxb6 21. Qa5 Nd5 22. Rxd5 Qxa5 23. Rxa5 Rec8 24. Rd1 Be7
25. Bd2 Bd8 26. Ra3 a5 27. Bf4 e5 28. Bd2 Bb6 29. Bd3 f5 30. exf5 e4 31. Be2
gxf5 {Varga,Z-Farago,I/HUN-ch Budapest 1995/1/2-1/2 (114)}) 18. Qd2 Bf8 19. Na4
Nd7 20. Bg5 Rdb8 21. Nc3 Re8 22. Bh4 Rac8 23. Bg3 Ne5 24. f4 Nc6 25. Bf2 Rb8
26. a3 Ba8 27. b4 {Almasi,Z-Vogt,L/Altensteig 1993/1-0 (52)}) 15. Bb1 Bb7 16.
Qd2 Rad8 17. Nh2 (17. b3 Qb8 $6 18. Bh6 $1 $14 {1/2-1/2 Almasi,Z-Farago,I/Linz
1995 (43)}) 17... Qe7 18. Ne2 a5 19. b3 Nb4 20. Nc3 d5 21. exd5 exd5 22. Nxd5
Nxd5 23. cxd5 Rxd5 24. Qe1 Rfd8 {Van den Doel,E-Shaked,T/Hoogovens-B 1998/0-1 
(69)}) 14. Rac1 Bd7 15. Nxe5 (15. b3 $6 Nxf3+ 16. Qxf3 Qa5 {Schwarz hat starke
Kontrolle über die schwarzen Felder.}) 15... dxe5 (15... Nxe5 16. b3 (16. f4
Nxd3 17. Qxd3 Bc6 18. Qxd6 (18. Nd5 $5 exd5 19. cxd5 Bxb2 20. Rc2 Bg7 (20...
Bb5 21. Rxc7 Bxd3 22. Rxd3 $16) 21. dxc6 Rfd8 $14) 18... Qxd6 (18... Qa5 19. b4
$16) 19. Rxd6 Bxc3 20. Rxc3 Bxe4 $11) 16... Bc6 17. Bb1 $14) 16. f3 $5 {
Weiß bereitet 17.Qf2 vor, um den wichtigen Zentrumspunkt d4 zu kontrollieren.}
Nd4 17. Qf2 Rfd8 (17... f5 18. exf5 $14 gxf5 {Nur so! Nach 17...exd5 wäre der
Punkt d5 schwach und 17...Nxf5 ist natürlich wegen der schwachen schwarzen
e-Bauern weniger stark.}) 18. Ne2 Bc6 19. Nxd4 $5 (19. Bb1 $2 Rd7 20. Bxd4 Rad8
$17 {[%cal Rd8d1]}) 19... exd4 20. Bd2 $14 {Auf den ersten Blick wirkt der
schwarze d4-Bauer stark, aber in Wirklichkeit ist er gut blockiert und Weiß
hat freie Hand mit der Bauernmehrheit am Damenflügel. Es ist interessant, daß
Anand in dieser Stellung Almasis Remisangebot ablehnt.} e5 (20... a5 21. f4 $14
) 21. b4 $1 Bd7 (21... Qd7 $5 {Mit diesem Zug errichtet Schwarz eine starke
Batterie auf der Diagonalen a4-e8. Er kann so die Drohung b4-b5 verhindern und
vermeidet weiße Aktivität am Damenflügel.}) 22. Qe2 a5 $6 {Ein riskanter Zug,
der nur schwer zu erklären ist. Nach meiner Meinung wäre es bei dem minimalen
weißen Vorteil besser abzuwarten.} 23. bxa5 Be6 (23... Bf8 {[%cal Rf8c5]} 24.
c5 $1) 24. Kh1 {Mit diesem prophylaktischem Zug vermeidet Weiß spätere
Unannehmlichkeiten auf der a7-g1-Diagonalen. Es ist für Schwarz schwierig,
aktives Gegenspiel zu organisieren.} Rdc8 25. Rc2 Bf8 26. Rb1 Bc5 27. Qf2 $5 {
Der schwarze Läufer steht zwar schön auf c5, leistet dort aber Wirklichkeit
nichts Besonderes, während Weiß mit 28.f3-f4 aktives Spiel am Königsflügel
vorbereitet.} Rcb8 $6 {Ich erkenne nur die Nachteile dieses Turmszuges. Nach
folgendem 28.f4 hat Schwarz Probleme auf der Diagonalen h2-b8.} 28. f4 $1 exf4
29. Bxf4 Qxa5 $8 {Nach meiner Meinung ist dies die beste Gegenchance für
Schwarz. Er gibt eine Qualität für etwas Gegenspiel.} (29... Bd6 30. Bxd6 Qxd6
31. c5 $14 (31. Rcb2 Rxa5 32. Rxb7 Rxb7 33. Rxb7 Ra4 $14) 31... Qe5 32. Rb5 {
[%csl Gb5]}) 30. Bxb8 Rxb8 31. Qg3 $1 {[%cal Gg3b8] Es hängt der Turm und was
noch wichtiger ist, Weiß kontrolliert die Diagonale h2-b8.} Qd8 $8 32. a4 $1
$16 (32. e5 $5) 32... b6 {Es ist verständlich, daß Schwarz den a-Bauern
blockieren möchte. Aber jetzt bekommt Weiß eine große Chance, die Partie zu
gewinnen, was in Groningen eine große Überraschung bedeutet hätte.} 33. e5 $2
$138 (33. a5 $1 {[%cal Gb1b8]} Bd6 34. e5 bxa5 35. exd6 $3 Rxb1+ 36. Kh2 {
Weiß hat jetzt einen Bauern weniger, aber seine verbundenen Freibauern in der
c- und d-Linie entscheiden die Partie.} a4 (36... Rb3 37. c5 Bf5 38. c6 {
[%cal Rc6c8]} Rxd3 39. c7 Qd7 (39... Qc8 40. d7 $18) 40. c8=Q+ Qxc8 41. Rxc8+
Bxc8 42. Qxd3 $18) 37. c5 a3 38. c6 a2 39. Rxa2 Bxa2 40. Bf5 $3 $18 {[%cal
Rc6c8]}) 33... Ra8 34. Ra2 $6 $13 Qd7 $1 35. a5 $6 (35. Rb5 $11 Qe8 {[%cal
Re6d7,Rd7a4]}) 35... bxa5 36. Qf3 (36. Rb5 Qxb5 37. cxb5 Bxa2 $36 {[%cal Ga5a1]
Es ist interessant, daß trotz des weißen Materialvorteils die Aktivität der
Figuren und der gefährliche a-Freibauer dem Schwarzen die besseren Aussichten
bietet.}) 36... Qd8 $1 $15 {Schwarz hat eine Qualität weniger, aber sein
a-Freibauer ist stark und das Läuferpaar kontrolliert die wichtigsten Felder,
so daß es keinen Raum für die weißen Türme gibt.} 37. Rb7 Rc8 38. Rf2 (38. Qf6
$5 Qxf6 39. exf6 Bb4 40. Ra7) 38... Rc7 39. Rb5 $6 (39. Rxc7 Qxc7 $15 {[%csl
Re5]}) 39... a4 40. Ra5 a3 41. Rf1 (41. Ra8 Rc8 $15) 41... Rc8 42. Ra6 Qe8 43.
Qe4 Rb8 44. Ra5 Qe7 45. Qf3 $2 (45. Ra8) 45... Qc7 $17 {[%cal Rc7a5,Rc7e5]} 46.
Rb5 Qxe5 47. Qf6 {Das kostet einen Bauern und Weiß bleibt ohne Gegenspiel.} Qc7
48. Ra1 Rc8 49. Qf2 Bf8 50. Rc1 Qc6 $19 {[%cal Rc6b5,Re6h3] und Weiß gab in
hoffnungsloser Stellung auf. Eine tragische Partie für Almasi. Ribli.} (50...
Qc6 51. Qxd4 (51. Rc2 Bxh3 52. Qxd4 Be6 {[%csl Ga3][%cal Ra3a1]} 53. Ra5 Qc7
54. Ra7 Qg3 {[%csl Gg3,Rh1][%cal Rf8d6,Rd6h2]} 55. c5 a2 {[%cal Rf8g7,Rg7a1]}
56. Rc1 Bd6 {[%cal Rg3h2]} 57. Qxd6 Qxd6 58. cxd6 Rxc1+ 59. Kh2 a1=Q $19) 51...
Qxb5 52. cxb5 Rxc1+ 53. Kh2 a2 $19) 0-1

[Event "Interzonal-14c"]
[Site "Zagreb"]
[Date "1987.??.??"]
[Round "5"]
[White "Gruenfeld, Yehuda"]
[Black "Hulak, Krunoslav"]
[Result "1-0"]
[WhiteElo "2545"]
[BlackElo "2495"]
[Annotator "Ribli,Z"]
[PlyCount "57"]
[EventDate "1987.08.01"]
[EventType "tourn"]
[EventRounds "17"]
[EventCountry "YUG"]
[EventCategory "12"]
[SourceTitle "CBM 004"]
[Source "ChessBase"]
[SourceDate "1988.06.01"]
[SourceVersion "1"]
[SourceVersionDate "1988.06.01"]
[SourceQuality "1"]

1. e4 c5 2. Nf3 e6 3. d4 cxd4 4. Nxd4 a6 5. Bd3 Nf6 6. O-O Qc7 7. c4 $6 (7. Qe2
) 7... Nc6 8. Nxc6 dxc6 9. Qe2 $5 (9. f4) 9... e5 10. Nc3 Be6 11. f4 Bc5+ 12.
Kh1 Bg4 $1 13. Qc2 O-O-O $2 (13... Rd8 $1 $13) 14. fxe5 Qxe5 15. Bf4 Qd4 16.
Be2 $16 Bxe2 17. Qxe2 Qd3 18. Qxd3 Rxd3 19. e5 Ng4 $2 (19... Nh5 20. Bc1 $18) (
19... Nd7 20. Ne4 Be7 21. Rae1 $1 $16 {/\ 22.Nd6, 22.Bg3}) 20. Ne4 Bd4 21. Rae1
$1 $18 h6 22. Bg3 Bxb2 23. Nd6+ Kd7 24. e6+ $1 fxe6 25. Rf7+ Kd8 26. Rxb7 Bc3
27. Reb1 g5 28. Nf7+ Ke8 29. Nxh8 1-0